[Event "Oslo Chess Festival 2017"]
[Site "Oslo"]
[Date "2017.10.05"]
[Round "8"]
[White "Lillevold, Frode"]
[Black "Lindblom, Roar"]
[Result "1-0"]
[WhiteElo "2128"]
[BlackElo "1940"]
[Annotator "NA"]
[PlyCount "81"]
[EventDate "2017.??.??"]
[EventType "swiss"]
[EventCountry "NOR"]
[SourceTitle "playchess.com"]
[Source "ChessBase"]
[SourceQuality "1"]
[TimeControl "5400+30"]

1. d4 {[%emt 0:00:02]} d5 {[%emt 0:00:17]} 2. c4 {[%emt 0:00:02]} c6 {[%emt 0:00:13]} 3. Nf3 {[%emt 0:00:08]} Nf6 {[%emt 0:00:16]} 4. Nc3 {[%emt 0:00:02]} dxc4 {[%emt 0:00:55]} 5. a4 {[%emt 0:00:13]} Bf5 {[%emt 0:00:19]} 6. Ne5 {[%emt 0:00:10]} Nbd7 {[%emt 0:00:12]} 7. Nxc4 {[%emt 0:00:25]} Qc7 {[%emt 0:00:27]} 8. g3 {[%emt 0:00:26]} e5 {[%emt 0:00:25]} 9. dxe5 {[%emt 0:00:40]} Nxe5 {[%emt 0:00:06]} 10. Bf4 {[%emt 0:00:24]} Nfd7 {[%emt 0:00:10]} 11. Bg2 {[%emt 0:06:12]} g5 {[%emt 0:00:08]} 12. Ne3 {[%emt 0:00:24]} gxf4 {[%emt 0:00:24]} 13. Nxf5 {[%emt 0:00:09]} fxg3 {[%emt 0:00:14]} 14. hxg3 {[%emt 0:00:57]} O-O-O {[%emt 0:00:09]} 15. Qc2 {[%emt 0:08:54]} Kb8 {[%emt 0:00:06]} 16. O-O-O {[%emt 0:04:54]} Bb4 {[%emt 0:00:08]} 17. f4 {[%emt 0:13:14]} Ng4 {[%emt 0:11:24]} 18. Rh4 {[%emt 0:03:55]} Ngf6 {[%emt 0:09:09]} 19. e4 {[%emt 0:05:20]} Nb6 {[%emt 0:15:14]} 20. Rxd8+ {[%emt 0:06:21]} Qxd8 {[%emt 0:06:36]} 21. e5 {[%emt 0:04:11]} Nfd5 {[%emt 0:02:54]} 22. Nxd5 {[%emt 0:00:18]} cxd5 {[%emt 0:04:35]} 23. Rh6 {[%emt 0:08:34]} Nc4 {[%emt 0:02:14]} 24. Bf1 {[%emt 0:04:19]} Qa5 {[%emt 0:04:02]} 25. Bxc4 {[%emt 0:02:43]} dxc4 {[%emt 0:02:53]} 26. Kb1 {[%emt 0:07:42]} c3 {[%emt 0:01:37]} 27. Nd6 {[%emt 0:07:40]} Bxd6 {[%emt 0:01:13]} 28. exd6 {[%emt 0:00:23]} cxb2 {[%emt 0:01:14]} 29. Qc7+ {[%emt 0:11:11]} Qxc7 {[%emt 0:00:20]} 30. dxc7+ {[%emt 0:00:01]} Kxc7 {[%emt 0:00:13]} 31. g4 {[%emt 0:00:08]} Kd7 {[%emt 0:02:43]} 32. Kxb2 {[%emt 0:00:09]} Ke7 {[%emt 0:00:15]} 33. g5 {[%emt 0:01:09]} Rg8 {[%emt 0:04:25]} 34. Rxh7 {[%emt 0:02:23]} Rg6 {[%emt 0:01:49]} 35. Ka3 {[%emt 0:03:07]} b6 {[%emt 0:03:11]} 36. Kb4 {[%emt 0:00:17]} a6 {[%emt 0:00:14]} 37. Kc3 {[%emt 0:01:06]} Ke6 {[%emt 0:00:15]} 38. Kd4 {[%emt 0:00:24]} f6 {[%emt 0:02:53]} 39. Rb7 {[%emt 0:00:22]} b5 {[%emt 0:05:06]} 40. Ke4 {[%emt 0:00:52]} f5+ {[%emt 0:04:49]} 41. Kd4 {[%emt 0:12:56]} 1-0

[Event "Oslo Chess Festival 2017"]
[Site "Oslo"]
[Date "2017.10.05"]
[Round "8"]
[White "Zhao, Shengxin"]
[Black "Al-Tarbosh, Ward"]
[Result "1-0"]
[WhiteElo "2113"]
[BlackElo "2270"]
[Annotator "NA"]
[PlyCount "151"]
[EventDate "2017.??.??"]
[EventType "swiss"]
[EventCountry "NOR"]
[SourceTitle "playchess.com"]
[Source "ChessBase"]
[SourceQuality "1"]
[TimeControl "5400+30"]

1. d4 {[%emt 0:00:05]} d5 {[%emt 0:00:05]} 2. c4 {[%emt 0:01:07]} c6 {[%emt 0:00:05]} 3. Nf3 {[%emt 0:00:34]} Nf6 {[%emt 0:00:06]} 4. Qc2 {[%emt 0:00:10]} g6 {[%emt 0:00:06]} 5. Bf4 {[%emt 0:02:07]} Bg7 {[%emt 0:00:48]} 6. h3 {[%emt 0:01:07]} O-O {[%emt 0:00:07]} 7. e3 {[%emt 0:00:03]} c5 {[%emt 0:00:15]} 8. dxc5 {[%emt 0:03:38]} Qa5+ {[%emt 0:00:08]} 9. Nbd2 {[%emt 0:13:43]} Bf5 {[%emt 0:00:55]} 10. Bd3 {[%emt 0:04:11]} Bxd3 {[%emt 0:00:38]} 11. Qxd3 {[%emt 0:00:09]} Qxc5 {[%emt 0:01:19]} 12. O-O {[%emt 0:01:19]} Nc6 {[%emt 0:00:19]} 13. Rac1 {[%emt 0:08:01]} dxc4 {[%emt 0:00:11]} 14. Qxc4 {[%emt 0:00:54]} Qd5 {[%emt 0:03:10]} 15. Rfd1 {[%emt 0:23:38]} Rad8 {[%emt 0:01:14]} 16. Qxd5 {[%emt 0:02:26]} Nxd5 {[%emt 0:00:06]} 17. Nc4 {[%emt 0:00:13]} Ndb4 {[%emt 0:00:54]} 18. Rxd8 {[%emt 0:16:58]} Rxd8 {[%emt 0:00:07]} 19. a3 {[%emt 0:01:08]} Nd3 {[%emt 0:00:19]} 20. Rc2 {[%emt 0:01:05]} b5 {[%emt 0:00:01]} 21. Ncd2 {[%emt 0:00:20]} Nxf4 {[%emt 0:02:24]} 22. exf4 {[%emt 0:01:59]} Nd4 {[%emt 0:00:13]} 23. Nxd4 {[%emt 0:00:13]} Bxd4 {[%emt 0:00:33]} 24. Kf1 {[%emt 0:00:46]} Bb6 {[%emt 0:00:24]} 25. Ke2 {[%emt 0:00:48]} Rd6 {[%emt 0:00:06]} 26. Ne4 {[%emt 0:02:32]} Rd4 {[%emt 0:00:11]} 27. Kf3 {[%emt 0:00:26]} Rd3+ {[%emt 0:00:13]} 28. Ke2 {[%emt 0:00:08]} Rd4 {[%emt 0:00:10]} 29. Kf3 {[%emt 0:00:06]} Rd1 {[%emt 0:00:02]} 30. Nc3 {[%emt 0:00:29]} Rd3+ {[%emt 0:00:08]} 31. Ke2 {[%emt 0:00:31]} Rd4 {[%emt 0:00:03]} 32. Nxb5 {[%emt 0:00:12]} Rxf4 {[%emt 0:00:08]} 33. f3 {[%emt 0:00:35]} h5 {[%emt 0:01:46]} 34. Nc3 {[%emt 0:00:15]} Rc4 {[%emt 0:01:36]} 35. Rd2 {[%emt 0:01:02]} Ba5 {[%emt 0:01:52]} 36. Kd3 {[%emt 0:00:25]} Bxc3 {[%emt 0:36:59]} 37. bxc3 {[%emt 0:00:06]} Ra4 {[%emt 0:01:13]} 38. Ra2 {[%emt 0:00:06]} Kf8 {[%emt 0:00:31]} 39. Kc2 {[%emt 0:01:56]} Ra6 {[%emt 0:04:27]} 40. c4 {[%emt 0:04:12]} Ke8 {[%emt 0:00:28]} 41. Kc3 {[%emt 0:00:31]} Kd7 {[%emt 0:00:21]} 42. a4 {[%emt 0:01:14]} Rd6 {[%emt 0:03:39]} 43. Rb2 {[%emt 0:04:22]} Kc7 {[%emt 0:00:40]} 44. a5 {[%emt 0:00:17]} Re6 {[%emt 0:00:34]} 45. Rd2 {[%emt 0:02:41]} Re1 {[%emt 0:00:57]} 46. Kb4 {[%emt 0:01:19]} Kc6 {[%emt 0:01:31]} 47. Rd8 {[%emt 0:02:12]} Rb1+ {[%emt 0:00:02]} 48. Kc3 {[%emt 0:00:17]} Rb7 {[%emt 0:00:04]} 49. f4 {[%emt 0:00:41]} e6 {[%emt 0:01:16]} 50. g4 {[%emt 0:00:31]} h4 {[%emt 0:21:12]} 51. Rh8 {[%emt 0:00:32]} Rb1 {[%emt 0:00:47]} 52. Rxh4 {[%emt 0:00:07]} Rf1 {[%emt 0:00:13]} 53. Rh8 {[%emt 0:01:22]} Rxf4 {[%emt 0:00:16]} 54. Kb4 {[%emt 0:00:12]} Rd4 {[%emt 0:05:00]} 55. Rc8+ {[%emt 0:00:14]} Kb7 {[%emt 0:01:04]} 56. Rf8 {[%emt 0:00:02]} Rd7 {[%emt 0:00:05]} 57. h4 {[%emt 0:00:48]} Kc6 {[%emt 0:00:38]} 58. h5 {[%emt 0:00:32]} gxh5 {[%emt 0:00:06]} 59. gxh5 {[%emt 0:00:02]} f5 {[%emt 0:00:39]} 60. Rc8+ {[%emt 0:01:06]} Kd6 {[%emt 0:01:13]} 61. c5+ {[%emt 0:00:53]} Kd5 {[%emt 0:12:21]} 62. c6 {[%emt 0:00:04]} Rf7 {[%emt 0:00:03]} 63. Kb5 {[%emt 0:01:01]} f4 {[%emt 0:01:04]} 64. Rd8+ {[%emt 0:00:13]} Ke4 {[%emt 0:01:01]} 65. Rd7 {[%emt 0:00:16]} Rf5+ {[%emt 0:00:32]} 66. Ka6 {[%emt 0:01:08]} Rxh5 {[%emt 0:02:25]} 67. c7 {[%emt 0:00:22]} Rc5 {[%emt 0:00:19]} 68. Kb7 {[%emt 0:00:14]} f3 {[%emt 0:00:32]} 69. c8=Q {[%emt 0:00:40]} Rxc8 {[%emt 0:00:01]} 70. Kxc8 {[%emt 0:00:02]} a6 {[%emt 0:01:21]} 71. Kb7 {[%emt 0:00:14]} e5 {[%emt 0:00:06]} 72. Kxa6 {[%emt 0:00:16]} Ke3 {[%emt 0:00:04]} 73. Kb5 {[%emt 0:00:18]} e4 {[%emt 0:00:13]} 74. a6 {[%emt 0:01:12]} f2 {[%emt 0:01:01]} 75. Rf7 {[%emt 0:00:02]} Ke2 {[%emt 0:00:05]} 76. a7 {[%emt 0:00:04]} 1-0

[Event "Oslo Chess Festival 2017"]
[Site "Oslo"]
[Date "2017.10.05"]
[Round "8"]
[White "Rishovd, Svein"]
[Black "Haug, Johannes"]
[Result "0-1"]
[WhiteElo "2109"]
[BlackElo "2379"]
[Annotator "NA"]
[PlyCount "124"]
[EventDate "2017.??.??"]
[EventType "swiss"]
[EventCountry "NOR"]
[SourceTitle "playchess.com"]
[Source "ChessBase"]
[SourceQuality "1"]
[TimeControl "5400+30"]

1. d4 {[%emt 0:00:03]} Nf6 {[%emt 0:00:06]} 2. c4 {[%emt 0:00:26]} e6 {[%emt 0:00:06]} 3. Nf3 {[%emt 0:00:17]} Bb4+ {[%emt 0:00:25]} 4. Bd2 {[%emt 0:00:33]} a5 {[%emt 0:00:09]} 5. g3 {[%emt 0:02:35]} d5 {[%emt 0:00:35]} 6. Bg2 {[%emt 0:02:40]} O-O {[%emt 0:01:32]} 7. O-O {[%emt 0:03:22]} Be7 {[%emt 0:00:54]} 8. Qc2 {[%emt 0:00:53]} c6 {[%emt 0:00:06]} 9. b3 {[%emt 0:02:33]} Nbd7 {[%emt 0:11:55]} 10. Bf4 {[%emt 0:01:29]} Nh5 {[%emt 0:06:15]} 11. Bc1 {[%emt 0:00:30]} f5 {[%emt 0:05:19]} 12. Ba3 {[%emt 0:07:00]} Nhf6 {[%emt 0:02:44]} 13. Bxe7 {[%emt 0:00:30]} Qxe7 {[%emt 0:00:09]} 14. Nbd2 {[%emt 0:07:19]} Ne4 {[%emt 0:00:54]} 15. Ne5 {[%emt 0:08:27]} Nxe5 {[%emt 0:05:27]} 16. dxe5 {[%emt 0:00:44]} Nxd2 {[%emt 0:03:03]} 17. Qxd2 {[%emt 0:00:19]} a4 {[%emt 0:02:53]} 18. b4 {[%emt 0:06:11]} dxc4 {[%emt 0:11:32]} 19. Rfd1 {[%emt 0:00:37]} Ra6 {[%emt 0:14:22]} 20. Qd6 {[%emt 0:06:04]} Qxd6 {[%emt 0:04:41]} 21. Rxd6 {[%emt 0:00:17]} Rb6 {[%emt 0:00:26]} 22. a3 {[%emt 0:01:15]} Rb5 {[%emt 0:01:59]} 23. Rc1 {[%emt 0:22:21]} Rxe5 {[%emt 0:02:58]} 24. e3 {[%emt 0:00:07]} Kf7 {[%emt 0:05:22]} 25. Rxc4 {[%emt 0:02:43]} Rd5 {[%emt 0:01:43]} 26. Rd4 {[%emt 0:03:06]} Ke7 {[%emt 0:05:09]} 27. R6xd5 {[%emt 0:02:38]} cxd5 {[%emt 0:00:08]} 28. Bf1 {[%emt 0:03:18]} Bd7 {[%emt 0:00:39]} 29. b5 {[%emt 0:02:06]} Ra8 {[%emt 0:00:40]} 30. Rb4 {[%emt 0:05:10]} Kd6 {[%emt 0:00:49]} 31. f4 {[%emt 0:00:41]} Kc5 {[%emt 0:01:44]} 32. Kf2 {[%emt 0:00:22]} Kb6 {[%emt 0:06:37]} 33. Bd3 {[%emt 0:01:23]} Ka5 {[%emt 0:00:38]} 34. Ke2 {[%emt 0:02:01]} Rc8 {[%emt 0:00:42]} 35. Kd2 {[%emt 0:00:30]} Rc5 {[%emt 0:01:53]} 36. b6 {[%emt 0:02:11]} Bb5 {[%emt 0:00:48]} 37. Bc2 {[%emt 0:02:00]} Rc4 {[%emt 0:00:57]} 38. Rxc4 {[%emt 0:00:19]} Bxc4 {[%emt 0:01:29]} 39. Kc3 {[%emt 0:00:01]} Bb3 {[%emt 0:00:41]} 40. Bd3 {[%emt 0:00:01]} Kxb6 {[%emt 0:00:10]} 41. Kd4 {[%emt 0:00:21]} Kc6 {[%emt 0:01:12]} 42. Ke5 {[%emt 0:00:15]} Bc4 {[%emt 0:00:19]} 43. Bc2 {[%emt 0:00:42]} b5 {[%emt 0:00:06]} 44. Kd4 {[%emt 0:00:16]} Kd6 {[%emt 0:00:47]} 45. Kc3 {[%emt 0:00:28]} Kc5 {[%emt 0:00:15]} 46. Bd1 {[%emt 0:00:17]} b4+ {[%emt 0:01:26]} 47. Kb2 {[%emt 0:04:22]} b3 {[%emt 0:00:45]} 48. Kc3 {[%emt 0:00:05]} Kd6 {[%emt 0:00:37]} 49. Bf3 {[%emt 0:01:14]} e5 {[%emt 0:00:15]} 50. fxe5+ {[%emt 0:01:28]} Kxe5 {[%emt 0:00:04]} 51. Bg2 {[%emt 0:00:09]} g5 {[%emt 0:00:25]} 52. h4 {[%emt 0:00:20]} gxh4 {[%emt 0:00:28]} 53. gxh4 {[%emt 0:00:02]} h6 {[%emt 0:00:22]} 54. Bf3 {[%emt 0:00:10]} f4 {[%emt 0:00:58]} 55. exf4+ {[%emt 0:00:41]} Kxf4 {[%emt 0:00:59]} 56. Bd1 {[%emt 0:01:10]} Ke3 {[%emt 0:00:21]} 57. h5 {[%emt 0:00:16]} Bd3 {[%emt 0:00:30]} 58. Bg4 {[%emt 0:00:18]} d4+ {[%emt 0:00:18]} 59. Kb2 {[%emt 0:00:01]} Bb5 {[%emt 0:00:10]} 60. Kc1 {[%emt 0:00:43]} d3 {[%emt 0:00:16]} 61. Bd1 {[%emt 0:01:08]} Bc6 {[%emt 0:00:16]} 62. Bg4 {[%emt 0:00:57]} Bf3 {[%emt 0:00:14]} 0-1

[Event "Oslo Chess Festival 2017"]
[Site "Oslo"]
[Date "2017.10.05"]
[Round "8"]
[White "Federovski, Adi"]
[Black "Djurhuus, Rune"]
[Result "0-1"]
[WhiteElo "2030"]
[BlackElo "2417"]
[Annotator "TA"]
[PlyCount "102"]
[EventDate "2017.??.??"]
[EventType "swiss"]
[EventCountry "NOR"]
[SourceTitle "playchess.com"]
[Source "ChessBase"]
[SourceQuality "1"]

{[%evp 13,102,21,18,16,34,-18,0,0,0,0,85,87,117,114,138,136,143,147,137,136,133,143,135,83,86,0,77,54,63,47,61,34,51,10,11,0,0,-16,-28,-34,2,-16,-9,-75,-70,-79,-64,-71,-68,-85,-62,-61,-69,-198,-203,-204,-196,-211,-211,-211,-210,-218,-212,-316,-308,-350,-340,-320,-335,-329,-322,-410,-284,-432,-432,-497,-476,-729,-719,-646,-637,-643,-577,-1107,-1075,-1000,-948,-1302,-1264,-1817,-1600]} 1. e4 Nc6 2. d4 e5 3. dxe5 Nxe5 4. Nf3 Qf6 5. Nxe5 Qxe5 6. Bd3 Bc5 7. O-O {B00: Queen's Fianchetto Defence, Nimzowitsch Defence} (7. Nc3 Nf6 8. O-O d6 9. Qf3 Bg4 10. Qf4 O-O-O 11. Be3 Qxf4 12. Bxf4 h6 13. Rfe1 Be6 14. Be3 Bxe3 15. Rxe3 {0-1 (60) Kharchenko,B (2427)-Shilin,D (2380) Odessa 2007}) 7... Nf6 {LiveBook: 3 Games} 8. Nd2 O-O 9. Kh1 $146 (9. Nf3 $14 Qh5 10. e5) ({Predecessor:} 9. Nf3 Qh5 10. Bf4 d6 11. c3 Re8 12. Qc2 Bg4 13. Nd4 Nd7 {½-½ (29) Schuld,H (1855)-Buecker,S Blankenburg 2007}) 9... d5 {[%cal Rd5e4]} 10. f4 Qe7 {[%cal Rd5e4]} 11. exd5 Ng4 {[#]} (11... Bg4 $11 12. Nf3 Ne4) 12. Ne4 $1 $16 Qh4 {[%csl Gg4][%cal Rh4h2]} 13. h3 {And now f5 would win.} Bb6 14. f5 Ne3 15. Bxe3 $1 Bxe3 16. Qf3 Bd4 17. c3 Be5 18. Nd2 (18. Rae1 $142) 18... Bd7 19. Ne4 (19. Rae1 $16 Rfe8 20. Ne4) 19... Rad8 (19... Bc8 $1 $11 {keeps the balance.}) 20. Rad1 Bc8 21. Bc2 b6 22. b3 Bb7 23. c4 c6 24. d6 c5 25. Qf2 Qh6 26. Qd2 Qh5 (26... Qxd2 {keeps more tension.} 27. Rxd2 Rfe8 28. Rdd1 Bc6 29. Rfe1 g6) 27. d7 (27. Qg5 {looks sharper.} Qxg5 28. Nxg5 Rxd6 29. Rxd6 Bxd6 30. Be4) 27... f6 28. Qf2 (28. Nf2 $11) 28... Rf7 $40 {[%mdl 128] Black is up to no good.} 29. Qf3 Qxf3 30. gxf3 Rfxd7 31. Kg2 Kf8 32. Rxd7 Rxd7 33. Rd1 (33. Ng3 $15) 33... Rxd1 $19 34. Bxd1 {[%mdl 4096] Endgame KBB-KBN} Bc8 35. Kf2 Bxf5 36. h4 Ke7 37. Ke3 Bg6 38. Nd2 (38. f4 $142 Bd4+ 39. Kd3) 38... Bd4+ 39. Kf4 Bd3 40. Ne4 g6 {[%cal Bg7g6,Bg6g5,Bg5f4][%mdl 32]} 41. Kg3 Ke6 42. h5 Ke5 43. Nd2 (43. hxg6 {might work better.} hxg6 44. Nf2) 43... g5 {Black is clearly winning.} 44. f4+ gxf4+ 45. Kg4 (45. Kg2 $142) 45... Bf5+ 46. Kf3 Be3 47. Nf1 Kd4 48. h6 Be4+ 49. Kg4 f5+ 50. Kg5 f3+ 51. Kh5 Bf4 {Precision: White = 25%, Black = 60%.} 0-1

[Event "Oslo Chess Festival 2017"]
[Site "Oslo"]
[Date "2017.10.05"]
[Round "8"]
[White "Bruaset, Eivind"]
[Black "Hobber, Anders"]
[Result "0-1"]
[WhiteElo "2012"]
[BlackElo "2264"]
[Annotator "NA"]
[PlyCount "138"]
[EventDate "2017.??.??"]
[EventType "swiss"]
[EventCountry "NOR"]
[SourceTitle "playchess.com"]
[Source "ChessBase"]
[SourceQuality "1"]
[TimeControl "5400+30"]

1. e4 {[%emt 0:00:03]} e6 {[%emt 0:00:09]} 2. d4 {[%emt 0:00:07]} d5 {[%emt 0:00:05]} 3. exd5 {[%emt 0:00:09]} exd5 {[%emt 0:00:05]} 4. Nf3 {[%emt 0:00:05]} Nf6 {[%emt 0:00:58]} 5. Bd3 {[%emt 0:00:27]} c5 {[%emt 0:04:43]} 6. O-O {[%emt 0:00:14]} c4 {[%emt 0:03:00]} 7. Re1+ {[%emt 0:00:05]} Be7 {[%emt 0:00:12]} 8. Bf1 {[%emt 0:00:06]} O-O {[%emt 0:00:51]} 9. b3 {[%emt 0:00:19]} cxb3 {[%emt 0:01:41]} 10. axb3 {[%emt 0:00:09]} Nc6 {[%emt 0:01:39]} 11. c3 {[%emt 0:11:50]} Bg4 {[%emt 0:04:08]} 12. Bd3 {[%emt 0:04:37]} Re8 {[%emt 0:01:27]} 13. Bf4 {[%emt 0:14:23]} Qb6 {[%emt 0:10:43]} 14. Nbd2 {[%emt 0:03:58]} Bh5 {[%emt 0:02:50]} 15. Qc2 {[%emt 0:05:51]} Rac8 {[%emt 0:05:37]} 16. Bf5 {[%emt 0:02:43]} Bg6 {[%emt 0:00:10]} 17. Bxg6 {[%emt 0:01:57]} hxg6 {[%emt 0:00:06]} 18. Qd3 {[%emt 0:03:28]} Nd7 {[%emt 0:03:18]} 19. b4 {[%emt 0:10:29]} a5 {[%emt 0:22:25]} 20. bxa5 {[%emt 0:04:01]} Nxa5 {[%emt 0:00:33]} 21. Reb1 {[%emt 0:00:39]} Qd8 {[%emt 0:00:20]} 22. Rb5 {[%emt 0:00:51]} Nc4 {[%emt 0:02:11]} 23. Rxd5 {[%emt 0:02:52]} Ncb6 {[%emt 0:02:32]} 24. Rb5 {[%emt 0:00:40]} Nc5 {[%emt 0:01:23]} 25. Qc2 {[%emt 0:03:43]} Nd5 {[%emt 0:03:06]} 26. Bg3 {[%emt 0:02:54]} Ne6 {[%emt 0:00:29]} 27. c4 {[%emt 0:02:17]} Ndf4 {[%emt 0:06:14]} 28. Nb3 {[%emt 0:01:06]} Bf6 {[%emt 0:00:25]} 29. Re1 {[%emt 0:03:33]} Qd7 {[%emt 0:06:15]} 30. Qd2 {[%emt 0:02:21]} Rxc4 {[%emt 0:01:29]} 31. Rbe5 {[%emt 0:02:07]} Bxe5 {[%emt 0:06:08]} 32. Nxe5 {[%emt 0:00:10]} Rxd4 {[%emt 0:02:02]} 33. Nxd4 {[%emt 0:05:48]} Qxd4 {[%emt 0:00:30]} 34. Qxd4 {[%emt 0:00:15]} Nxd4 {[%emt 0:00:07]} 35. Bxf4 {[%emt 0:00:23]} f6 {[%emt 0:00:10]} 36. Nd3 {[%emt 0:00:23]} Rxe1+ {[%emt 0:00:07]} 37. Nxe1 {[%emt 0:00:02]} Ne2+ {[%emt 0:00:05]} 38. Kf1 {[%emt 0:00:01]} Nxf4 {[%emt 0:00:05]} 39. g3 {[%emt 0:00:45]} Ne6 {[%emt 0:00:11]} 40. Ke2 {[%emt 0:00:12]} Kf7 {[%emt 0:00:14]} 41. Kd3 {[%emt 0:00:20]} g5 {[%emt 0:01:27]} 42. Kc4 {[%emt 0:01:06]} g4 {[%emt 0:01:21]} 43. f3 {[%emt 0:02:18]} gxf3 {[%emt 0:00:29]} 44. Nxf3 {[%emt 0:00:03]} g5 {[%emt 0:01:30]} 45. g4 {[%emt 0:03:29]} Kg6 {[%emt 0:00:22]} 46. Kb5 {[%emt 0:01:45]} f5 {[%emt 0:02:44]} 47. gxf5+ {[%emt 0:02:15]} Kxf5 {[%emt 0:00:02]} 48. Kb6 {[%emt 0:00:01]} g4 {[%emt 0:00:21]} 49. Nh4+ {[%emt 0:00:49]} Ke4 {[%emt 0:05:17]} 50. Kxb7 {[%emt 0:00:23]} Nd4 {[%emt 0:00:31]} 51. Ng2 {[%emt 0:03:15]} Nf3 {[%emt 0:01:28]} 52. Kc6 {[%emt 0:00:21]} Nxh2 {[%emt 0:00:07]} 53. Kc5 {[%emt 0:00:19]} g3 {[%emt 0:00:27]} 54. Kc4 {[%emt 0:00:32]} Kf3 {[%emt 0:01:04]} 55. Ne1+ {[%emt 0:00:55]} Kf2 {[%emt 0:00:25]} 56. Nd3+ {[%emt 0:00:01]} Ke3 {[%emt 0:00:08]} 57. Ne1 {[%emt 0:00:19]} Nf3 {[%emt 0:00:21]} 58. Ng2+ {[%emt 0:00:02]} Kf2 {[%emt 0:00:23]} 59. Nf4 {[%emt 0:00:11]} Ne5+ {[%emt 0:01:37]} 60. Kd4 {[%emt 0:00:36]} Ng4 {[%emt 0:00:34]} 61. Ke4 {[%emt 0:00:14]} Nf6+ {[%emt 0:00:33]} 62. Kf5 {[%emt 0:00:20]} Kf3 {[%emt 0:00:14]} 63. Nd3 {[%emt 0:00:25]} Nh5 {[%emt 0:00:35]} 64. Ne1+ {[%emt 0:01:00]} Kf2 {[%emt 0:00:13]} 65. Nd3+ {[%emt 0:00:02]} Ke2 {[%emt 0:00:30]} 66. Nc1+ {[%emt 0:00:45]} Ke3 {[%emt 0:00:27]} 67. Nd3 {[%emt 0:01:28]} Kxd3 {[%emt 0:00:10]} 68. Kg4 {[%emt 0:00:02]} Ke3 {[%emt 0:00:11]} 69. Kh3 {[%emt 0:00:05]} Kf3 {[%emt 0:00:24] Kg4+ [%emt 00:00:20]} 0-1

[Event "Oslo Chess Festival 2017"]
[Site "Oslo"]
[Date "2017.10.05"]
[Round "8"]
[White "Vitenberg, Noam Aviv"]
[Black "Myhrvold, Rune"]
[Result "1/2-1/2"]
[WhiteElo "1989"]
[BlackElo "2243"]
[Annotator "NA"]
[PlyCount "52"]
[EventDate "2017.??.??"]
[EventType "swiss"]
[EventCountry "NOR"]
[SourceTitle "playchess.com"]
[Source "ChessBase"]
[SourceQuality "1"]
[TimeControl "5400+30"]

1. d4 {[%emt 0:00:02]} d5 {[%emt 0:04:57]} 2. c4 {[%emt 0:00:07]} Nc6 {[%emt 0:00:14]} 3. Nc3 {[%emt 0:00:31]} Nf6 {[%emt 0:00:13]} 4. Nf3 {[%emt 0:00:56]} dxc4 {[%emt 0:00:11]} 5. e3 {[%emt 0:00:54]} Bg4 {[%emt 0:00:44]} 6. Bxc4 {[%emt 0:00:38]} e6 {[%emt 0:00:04]} 7. b3 {[%emt 0:05:47]} Bd6 {[%emt 0:01:59]} 8. Bb2 {[%emt 0:01:28]} O-O {[%emt 0:00:09]} 9. Rc1 {[%emt 0:02:33]} Qe7 {[%emt 0:12:02]} 10. O-O {[%emt 0:06:09]} Rad8 {[%emt 0:00:44]} 11. h3 {[%emt 0:04:14]} Bh5 {[%emt 0:00:20]} 12. Be2 {[%emt 0:01:49]} Kh8 {[%emt 0:27:46]} 13. Nb5 {[%emt 0:04:00]} Ne4 {[%emt 0:09:14]} 14. Nxd6 {[%emt 0:03:00]} Qxd6 {[%emt 0:01:12]} 15. Nd2 {[%emt 0:09:42]} Nxd2 {[%emt 0:01:39]} 16. Qxd2 {[%emt 0:01:51]} Bxe2 {[%emt 0:01:43]} 17. Qxe2 {[%emt 0:01:05]} a6 {[%emt 0:04:30]} 18. Qg4 {[%emt 0:03:31]} f5 {[%emt 0:03:52]} 19. Qe2 {[%emt 0:13:23]} Rf7 {[%emt 0:04:44]} 20. Qc4 {[%emt 0:04:39]} Rfd7 {[%emt 0:02:46]} 21. f3 {[%emt 0:08:50]} Qe7 {[%emt 0:02:14]} 22. e4 {[%emt 0:03:18]} Nxd4 {[%emt 0:07:18]} 23. Bxd4 {[%emt 0:01:50]} Rxd4 {[%emt 0:00:06]} 24. Qxc7 {[%emt 0:00:04]} Qg5 {[%emt 0:01:46]} 25. f4 {[%emt 0:02:28]} Qg3 {[%emt 0:01:01]} 26. Rc3 {[%emt 0:01:02]} Qg6 {[%emt 0:01:03]} 1/2-1/2

[Event "Oslo Chess Festival 2017"]
[Site "Oslo"]
[Date "2017.10.05"]
[Round "8"]
[White "Huse, Sigurd Kjelsbol"]
[Black "Kyrkjebo, Erlend"]
[Result "1-0"]
[WhiteElo "1888"]
[BlackElo "2122"]
[Annotator "NA"]
[PlyCount "99"]
[EventDate "2017.??.??"]
[EventType "swiss"]
[EventCountry "NOR"]
[SourceTitle "playchess.com"]
[Source "ChessBase"]
[SourceQuality "1"]
[TimeControl "5400+30"]

1. e4 {[%emt 0:00:02]} c5 {[%emt 0:00:08]} 2. Nf3 {[%emt 0:00:04]} Nc6 {[%emt 0:02:06]} 3. Bb5 {[%emt 0:00:11]} Qb6 {[%emt 0:00:18]} 4. Nc3 {[%emt 0:00:24]} e6 {[%emt 0:00:34]} 5. Bxc6 {[%emt 0:02:10]} bxc6 {[%emt 0:05:26]} 6. O-O {[%emt 0:00:21]} Ba6 {[%emt 0:03:40]} 7. Re1 {[%emt 0:00:31]} d6 {[%emt 0:00:53]} 8. d3 {[%emt 0:03:03]} e5 {[%emt 0:04:06]} 9. Nd2 {[%emt 0:05:27]} g5 {[%emt 0:20:24]} 10. Nf1 {[%emt 0:07:52]} h6 {[%emt 0:03:46]} 11. Ng3 {[%emt 0:05:24]} Ne7 {[%emt 0:01:51]} 12. Nh5 {[%emt 0:07:12]} O-O-O {[%emt 0:03:36]} 13. Rb1 {[%emt 0:01:20]} Bb7 {[%emt 0:09:46]} 14. a3 {[%emt 0:04:35]} d5 {[%emt 0:02:28]} 15. exd5 {[%emt 0:04:05]} cxd5 {[%emt 0:00:16]} 16. b4 {[%emt 0:02:09]} Ng6 {[%emt 0:03:02]} 17. Bd2 {[%emt 0:04:50]} d4 {[%emt 0:03:10]} 18. bxc5 {[%emt 0:04:51]} Qc6 {[%emt 0:00:51]} 19. Qg4+ {[%emt 0:00:51]} Kb8 {[%emt 0:00:10]} 20. Ne4 {[%emt 0:01:10]} Nh4 {[%emt 0:01:35]} 21. Bxg5 {[%emt 0:11:42]} f5 {[%emt 0:07:57]} 22. Qxh4 {[%emt 0:02:23]} hxg5 {[%emt 0:10:15]} 23. Qxg5 {[%emt 0:00:07]} Bxc5 {[%emt 0:03:24]} 24. Qxf5 {[%emt 0:02:05]} Bb6 {[%emt 0:06:30]} 25. Rec1 {[%emt 0:04:37]} Qh6 {[%emt 0:02:24]} 26. Nef6 {[%emt 0:02:40]} Ka8 {[%emt 0:02:46]} 27. Qxe5 {[%emt 0:01:50]} Rc8 {[%emt 0:00:01]} 28. h3 {[%emt 0:01:26]} Rc5 {[%emt 0:00:36]} 29. Qe7 {[%emt 0:04:29]} Rxh5 {[%emt 0:01:18]} 30. Nxh5 {[%emt 0:00:12]} Qxh5 {[%emt 0:00:02]} 31. Qe6 {[%emt 0:01:18]} Qg5 {[%emt 0:01:11]} 32. Qg4 {[%emt 0:00:42]} Qd8 {[%emt 0:00:27]} 33. Qe2 {[%emt 0:01:24]} Bc7 {[%emt 0:01:01]} 34. Re1 {[%emt 0:02:20]} Qd6 {[%emt 0:00:25]} 35. g3 {[%emt 0:01:29]} Bc6 {[%emt 0:00:53]} 36. Qe6 {[%emt 0:01:16]} Qxe6 {[%emt 0:00:27]} 37. Rxe6 {[%emt 0:00:06]} Bd5 {[%emt 0:00:04]} 38. Ree1 {[%emt 0:00:54]} a5 {[%emt 0:00:57]} 39. h4 {[%emt 0:00:22]} Bf3 {[%emt 0:00:24]} 40. Rb5 {[%emt 0:00:38]} Bd8 {[%emt 0:00:28]} 41. Rf5 {[%emt 0:00:36]} Bb7 {[%emt 0:00:38]} 42. f3 {[%emt 0:00:26]} Rg8 {[%emt 0:00:25]} 43. Kf2 {[%emt 0:00:13]} Bb6 {[%emt 0:00:38]} 44. g4 {[%emt 0:01:50]} Rc8 {[%emt 0:00:20]} 45. Re2 {[%emt 0:00:09]} Kb8 {[%emt 0:00:35]} 46. h5 {[%emt 0:00:12]} a4 {[%emt 0:00:13]} 47. h6 {[%emt 0:00:35]} Bc5 {[%emt 0:00:21]} 48. h7 {[%emt 0:00:29]} Rh8 {[%emt 0:00:11]} 49. Rxc5 {[%emt 0:00:07]} Rxh7 {[%emt 0:00:07]} 50. Kg3 {[%emt 0:00:07]} 1-0